000 00738nam a2200253 i 4500
001 13493
003 ES-MaACL
005 20250815165044.0
007 t|
008 980422s1996 sp ||||1| spa d
020 _a84-87446-17-5
080 _a297"19"
080 _a297:32"19"
245 0 3 _aEl Islam ante el nuevo orden mundial /
_cManuel Maceiras... [et al.].
260 _aMadrid :
_bBarbarroja,
_c1996.
300 _a120 p. ;
_c21 cm.
490 1 _aColección Disidencias
650 1 4 _aIslamismo-
_yS.XX.
_913913
650 1 7 _aIslamismo y política
_2embne
_913915
700 1 _aMaceiras, Manuel.
_975139
830 0 _aColección Disidencias
_9228427
852 _aES-MaACL
_jL-20796
_bR.126545
999 _c13493
_d13493